Ville du Maghreb en images - Statistiques

Statistiques générales
  • Ce quiz a été pris 454 fois
    400 depuis la dernière actualisation
  • Le résultat moyen est 9 sur 18
Statistiques - réponses
Par images Hint Réponse % Correct
A Alger
94%
C Casablanca
88%
T Tunis
86%
M Marrakech
83%
F Fès
82%
O Oran
77%
R Rabat
76%
T Tanger
52%
T Tripoli
46%
A Agadir
41%
C Constantine
41%
N Nouakchott
22%
T Tataouine
22%
C Chefchaouen
21%
M Meknès
21%
S Sousse
21%
A Annaba
12%
T Tamanrasset
5%
Aucun quiz correspondant
Distribution des résultats
% des personnes avec chaque résultat
Percentile par nombre de réponses
Votre historique - résultats
Vous n’avez pas pris ce quiz depuis la dernière actualisation